| 000 | 00999nam a22002537a 4500 | ||
|---|---|---|---|
| 005 | 20170123162351.0 | ||
| 010 | _aA-842080 | ||
| 020 | _c32.00 | ||
| 035 | _aA-842080 | ||
| 037 | _bCen Lib/Ret | ||
| 040 |
_aDPL _bUR |
||
| 082 |
_a070.9 _bا ن و |
||
| 245 |
_a: اردو صحافت _cمرتبه انورعلی دھلوی _b/ اردو صحافت سیمینار میں پڑہےگئے مقالات کا مجموء |
||
| 246 |
_aUrdu sahafat: urdu sahafat seminar main padhe gie mqamat ka majmua / _bedited by Anoor Ali Dahelvi |
||
| 260 |
_aنئی دہلی _bاردو اکادمی _c1987 |
||
| 270 |
_a46- ای پاکٹ ای کالا جی ےشتےنتِون _bنئی دہلی _e110019 |
||
| 300 |
_a332p. _c20cm(Hb) |
||
| 650 |
_aاردو ادب _9136576 |
||
| 650 |
_aتعلیم - اردو ادب _9108494 |
||
| 650 |
_aUrdu Literatures _9136577 |
||
| 650 |
_aEducation _91169 |
||
| 700 |
_aدھلوی، انورعلی _9136578 |
||
| 942 |
_2ddc _cUR _h070.9 _mا ن و |
||
| 999 |
_c109252 _d109252 |
||